000 00718nam a2200181Ia 4500
008 151018s9999 xx 000 0 und d
082 _bRBASDV2822
_a370
100 _aरा का चिटणीस
245 _a"विविध ज्ञानविस्तार वर्ष ६६, १९३५"
250 _b1
260 _bरा का चिटणीस
_c1935
300 _a0
600 _aरा का चिटणीस
630 _a"विविध ज्ञानविस्तार वर्ष ६६, १९३५"
700 _aरा का चिटणीस
730 _a"विविध ज्ञानविस्तार वर्ष ६६, १९३५"
942 _cBOOK
999 _c1005238
_d1005235